Díszközgyűlés Szeged napján átadták a város legmagasabb elismerését /

Elmentve itt :
Bibliográfiai részletek
Szerző: Dombai Tünde
Dokumentumtípus: Cikk
Megjelent: 2006-05-22
Sorozat:Délmagyarország 96 No. 118
Kulcsszavak:Telegdy Gyula 1935-, Nánai László 1948-, Békési Imre 1936-, Szeged, Eseménynaptár Szeged 2006. 05., Önkormányzat díszközgyűlés Szeged, Kitüntetés díszpolgár, Kitüntetés Pro Urbe-díj, Kitüntetés Szegedért Emlékérem
Online Access:http://dmarchiv.bibl.u-szeged.hu/136306
LEADER 00727nab a2200157 i 4500
001 delm136306
005 20191216105205.0
008 191216s2006 hu o 0|| hun d
040 |a SZTE Délmagyarország Archívum  |b hun 
041 |a hun 
100 1 |a Dombai Tünde 
245 1 0 |a Díszközgyűlés Szeged napján   |h [elektronikus dokumentum] :  |b átadták a város legmagasabb elismerését /  |c  Dombai Tünde 
260 |c 2006-05-22 
300 |a 1, 4 
490 0 |a Délmagyarország  |v 96 No. 118 
695 |a Telegdy Gyula 1935-, Nánai László 1948-, Békési Imre 1936-, Szeged, Eseménynaptár Szeged 2006. 05., Önkormányzat díszközgyűlés Szeged, Kitüntetés díszpolgár, Kitüntetés Pro Urbe-díj, Kitüntetés Szegedért Emlékérem